[Event "COL-ch sf2 U18 m"]
[Site "Bogota"]
[Date "2016.05.20"]
[Round "2.5"]
[White "Pena, Julian Felipe"]
[Black "Ducuara Alape, Eduardo"]
[Result "0-1"]
[WhiteElo "1624"]
[BlackElo "1624"]
[PlyCount "74"]
[EventDate "2016.05.19"]
[EventType "swiss"]
[EventRounds "6"]
[EventCountry "COL"]
[SourceTitle "EXT 2024"]
[Source "ChessBase"]
[SourceDate "2023.10.10"]
[SourceVersion "1"]
[SourceVersionDate "2023.10.10"]
[SourceQuality "1"]

1. e4 e6 2. d4 d5 3. Nc3 Nf6 4. Bd3 Bb4 5. e5 Nfd7 6. a3 Be7 7. f4 c5 8. Nf3 Nc6 9. dxc5 Nxc5 10. 0-0 Nxd3 11. cxd3 0-0 12. d4 f6 13. Be3 Na5 14. Nd2 Bd7 15. Rf3 Rc8 16. Rh3 Be8 17. Qg4 f5 18. Qe2 Qb6 19. Rb1 Nb3 20. Nxb3 Qxb3 21. Bf2 Qb6 22. Kh1 a5 23. Rg1 Rc4 24. g4 Bg6 25. Rhg3 Bh4 26. Rh3 Bxf2 27. Qxf2 fxg4 28. Rxg4 Bf5 29. Qh4 Qxb2 30. Rg2 Qc1+ 31. Rg1 Qxa3 32. Qg5 g6 33. Rhg3 Rxc3 34. h4 Rxg3 35. Rxg3 Qc1+ 36. Kh2 Be4 37. Rg1 Qxf4+ 0-1

[Event "Ortega op 5th"]
[Site "Ortega"]
[Date "2015.06.15"]
[Round "7"]
[White "Ricaurte Naranjo, Alvaro"]
[Black "Ducuara Alape, Eduardo"]
[Result "1-0"]
[WhiteElo "1706"]
[BlackElo "1630"]
[PlyCount "69"]
[EventDate "2015.06.12"]
[EventType "swiss"]
[EventRounds "7"]
[EventCountry "COL"]
[SourceTitle "CBM 167 Extra"]
[Source "ChessBase"]
[SourceDate "2015.09.14"]
[SourceVersion "1"]
[SourceVersionDate "2015.09.14"]
[SourceQuality "1"]

1. e4 e6 2. d4 d5 3. Nc3 Bb4 4. Nge2 Nf6 5. Bg5 dxe4 6. a3 Be7 7. Bxf6 Bxf6 8. Nxe4 Nc6 9. Qd3 0-0 10. 0-0-0 e5 11. d5 Bg5+ 12. Kb1 Nb8 13. h4 Be7 14. Ng5 g6 15. Qc3 Bxg5 16. hxg5 Qxg5 17. g3 Bf5 18. f4 exf4 19. Nxf4 Nd7 20. Bc4 Qf6 21. Qd2 Ne5 22. Bb3 Rfe8 23. Rdf1 Be4 24. Nh5 Qxf1+ 25. Rxf1 gxh5 26. Qg5+ Bg6 27. Ba4 c6 28. d6 Rad8 29. Rd1 Rd7 30. Bb3 b5 31. Re1 Rxd6 32. Rxe5 Red8 33. Re7 Rf8 34. Rxa7 Kh8 35. Qe5+ 1-0

[Event "Ortega op 5th"]
[Site "Ortega"]
[Date "2015.06.14"]
[Round "6"]
[White "Ducuara Alape, Eduardo"]
[Black "Mesa Baez, Samuel"]
[Result "1-0"]
[WhiteElo "1630"]
[BlackElo "1435"]
[PlyCount "54"]
[EventDate "2015.06.12"]
[EventType "swiss"]
[EventRounds "7"]
[EventCountry "COL"]
[SourceTitle "CBM 167 Extra"]
[Source "ChessBase"]
[SourceDate "2015.09.14"]
[SourceVersion "1"]
[SourceVersionDate "2015.09.14"]
[SourceQuality "1"]

1. e4 c5 2. Nf3 d6 3. c3 Nf6 4. Be2 Nc6 5. d3 g6 6. 0-0 Bg7 7. Nbd2 0-0 8. Re1 Bd7 9. Nf1 b5 10. Ng3 Rb8 11. d4 cxd4 12. cxd4 a5 13. h3 e6 14. Bg5 Qb6 15. Qd2 Rfe8 16. Qf4 e5 17. Qh4 Re6 18. d5 Ree8 19. Bxf6 Nd4 20. Nh5 Nxf3+ 21. Bxf3 Bh6 22. Bg5 Bxg5 23. Qxg5 Qd8 24. Nf6+ Kg7 25. Nxe8+ Qxe8 26. Bg4 a4 27. Bxd7 Qxd7 1-0

[Event "South Region-ch U16 Integrada"]
[Site "Neiva"]
[Date "2015.03.28"]
[Round "1.3"]
[White "Calderon Zuta, Nicolas"]
[Black "Ducuara Alape, Eduardo"]
[Result "1-0"]
[WhiteElo "1748"]
[BlackElo "1636"]
[PlyCount "85"]
[EventDate "2015.03.28"]
[EventType "swiss"]
[EventRounds "6"]
[EventCountry "COL"]
[SourceTitle "EXT 2024"]
[Source "ChessBase"]
[SourceDate "2023.10.10"]
[SourceVersion "1"]
[SourceVersionDate "2023.10.10"]
[SourceQuality "1"]

1. e4 e6 2. Qe2 Ne7 3. Nc3 d5 4. exd5 Nxd5 5. Nxd5 Qxd5 6. Qb5+ Bd7 7. Qxd5 exd5 8. Nf3 Bd6 9. Be2 0-0 10. 0-0 Re8 11. Re1 Bg4 12. Kf1 Nc6 13. c3 Ne7 14. h3 Bh5 15. d4 c5 16. dxc5 Bxc5 17. Bf4 Nc6 18. g4 Bg6 19. Rad1 Rad8 20. Nh4 d4 21. Nxg6 hxg6 22. Bb5 Rxe1+ 23. Kxe1 Re8+ 24. Kf1 dxc3 25. Bxc6 bxc6 26. bxc3 Re4 27. Bg3 g5 28. Rd8+ Kh7 29. Rc8 Rc4 30. Rxc6 Rxc3 31. Bd6 Bd4 32. Rxc3 Bxc3 33. Ke2 Kg6 34. Bc5 a6 35. Kd3 Be1 36. Ke4 f6 37. Kd5 f5 38. f3 fxg4 39. hxg4 Kf7 40. Kd6 g6 41. Be3 Bg3+ 42. Kc5 Kf6 43. Kb6 1-0